Islamic arbitration (Tahkim) and mediation in resolving family disputes : a comparative study under Malaysian and English Law /
Saved in:
| Main Author: | |
|---|---|
| Format: | Thesis |
| Language: | English |
| Published: |
Glasgow :
Glasgow Caledonian University,
2002
|
| Subjects: | |
| Tags: |
Add Tag
No Tags, Be the first to tag this record!
|
| LEADER | 018480000a22003730004500 | ||
|---|---|---|---|
| 001 | 262244 | ||
| 005 | 20230420131524.0 | ||
| 008 | 030714s2002 xxka f 000 0 eng d | ||
| 035 | |a (Sirsi) 262244 | ||
| 040 | |a UIAM |b eng |e rda | ||
| 050 | 0 | 0 | |a KPG570.A46 |
| 100 | 0 | |a Nora Abdul Hak, |e author |9 67568 | |
| 245 | 1 | 0 | |a Islamic arbitration (Tahkim) and mediation in resolving family disputes : |b a comparative study under Malaysian and English Law / |c by Nora Abdul Hak |
| 264 | 1 | |a Glasgow : |b Glasgow Caledonian University, |c 2002 | |
| 300 | |a xxi. 379 pages ; |c 30 cm. | ||
| 336 | |2 rdacontent |a text | ||
| 337 | |2 rdamedia |a unmediated | ||
| 338 | |2 rdacarrier |a volume | ||
| 502 | |a Thesis (Ph. D.)--Glasgow Caledonian University, Division of Law, 2002. | ||
| 504 | |a Includes bibliographical references. | ||
| 530 | |a Also available on 2 magnetic discs (3 1/2 in.) | ||
| 650 | 1 | 0 | |a Matrimonial actions (Islamic Law) |z Malaysia |9 121581 |
| 650 | 0 | |a Marriage law |z Malaysia |9 17410 | |
| 650 | 0 | |a Marriage (Islamic law) |x Comparative studies |9 121582 | |
| 650 | 0 | |a Arbitration and award (Islamic law) |x Comparative studies |9 113594 | |
| 650 | 0 | |a Reconciliation (Islamic law) |z Malaysia |9 121583 | |
| 655 | 0 | 7 | |a Theses, IIUM foreign |
| 710 | 2 | |a Glasgow Caledonian University |9 62800 | |
| 900 | |a bib-mbs-hj-ka-hana-bs | ||
| 942 | |2 lcc |n 0 | ||
| 999 | |c 432033 |d 466949 | ||
| 952 | |0 0 |6 T KPG000570 A46 N82I 2002 |7 0 |8 THESES |9 753208 |a IIUM |b IIUM |c MULTIMEDIA |g 0.00 |o t KPG 570 A46 N82I 2002 |p 00000842004 |r 2017-10-20 |t 1 |v 0.00 |y THESIS | ||
| 952 | |0 0 |6 TS KPG000570 A46N82I 2002DK2 |7 0 |8 THESES |9 811489 |a IIUM |b IIUM |c MULTIMEDIA |g 0.00 |o ts KPG570A46N82I 2002dk2 |p 00000842006 |r 2017-11-16 |t 1 |v 0.00 |y THESISDIG | ||
| 952 | |0 0 |6 TS KPG000570 A46N82I 2002DK1 |7 0 |8 THESES |9 811490 |a IIUM |b IIUM |c MULTIMEDIA |g 0.00 |o ts KPG570A46N82I 2002dk1 |p 00000842005 |r 2017-11-16 |t 1 |v 0.00 |y THESISDIG | ||
